000 00687nam a22002057a 4500
003 koha_MIRAKIL
005 20250515153833.0
008 250515b tur||||| |||| 00| 0 tur d
020 _a9786258082364
040 _aTR-IsEVY
_btur
_cTR-IsEVY
082 _a102 ALT/A
100 _aAlter, Deniz
245 0 _aArkadaşlık bir kutuya sığar mı ? :
_bsormazsam olmaz ! /
_cDeniz Alter ; resimleyen Sezen Aksu Taşyürek.
250 _a2. bs.
260 _aİstanbul :
_bSincap Kitap,
_c2024.
300 _a22 s. :
_brenkli resimli ;
_c24 cm.
650 _aFelsefe.
_vÇocuk Felsefesi.
_vArkadaşlık.
_vİlişkiler.
700 1 _aTaşyürek, Sezen Aksu.
_cresimleyen.
942 _2ddc
_cBK
999 _c22285
_d22285